Bundesparteiobleute der FPÖ - Statistiken

Allgemein
  • Dieses Quiz wurde 18 mal gespielt
  • Das Durchschnittsergebnis liegt bei 5 aus 13
Antwortstatistiken
Bildquiz Antwort % Korrekt
Herbert Kickl
100%
Heinz-Christian Strache
93%
Jörg Haider
86%
Norbert Hofer
79%
Norbert Steger
21%
Susanne Riess
21%
Anton Reinthaller
14%
Friedrich Peter
14%
Herbert Haupt
14%
Hilmar Kabas
14%
Ursula Haubner
7%
Alexander Götz
0%
Mathias Reichhold
0%
Keine übereinstimmenden Quizze gefunden
Verteilung der Resultate
Anzahl Personen mit jedem Resultat
Perzentil nach korrekt beantworteten Fragen
Ihre Resultats-Entwicklung
Sie haben dieses Quiz noch nicht gespielt